000 01032cam a22003377a 4500
003 CHAP
005 20220817041251.0
008 971013s1993 r 00010 d
010 _a9938
011 _a10910
035 _a10148
040 _cCHAP
082 _a633.15
_bF39f
110 _aFAO
245 1 3 _aLe mais dans la nutrition humaine
260 _aRome :
_bFAO,
_c1993
300 _a174 p.
_b; gráfs
490 0 _aFAO. Alimentación y nutrición
_v; 25s
590 _aBATCH-UPD
_b10
_c20130110
_lUCH01
_h0231
590 _aBATCH-UPD
_b10
_c20130110
_lUCH01
_h1756
590 _aBATCH-UPD
_b10
_c20130409
_lUCH01
_h2254
590 _aBATCH-UPD
_b10
_c20130410
_lUCH01
_h1133
590 _aBATCH-UPD
_b10
_c20130914
_lUCH01
_h1340
590 _aCONVERSION
_b10
_c20130109
_lUCH01
_h1306
650 1 4 _aMaíz
_xValor nutritivo.
_971080
650 1 4 _aNutrición.
_982246
830 0 _aFAO. Alimentación y nutrición
_v; 25s
_939449
901 _aBK
942 _cLIBRO
949 _a633.15 F39f
_bBC
_cFAO
_d-21540
_eFAO1
_h86430
_i10148
_si
999 _c9938
_d9938